Problems and Solution in Advanced Accounting (Record no. 344659)
[ view plain ]
| 000 -LEADER | |
|---|---|
| fixed length control field | 00317 a2200121 4500 |
| 082 ## - DEWEY DECIMAL CLASSIFICATION NUMBER | |
| Classification number | 657 |
| 090 ## - LOCALLY ASSIGNED LC-TYPE CALL NUMBER (OCLC); LOCAL CALL NUMBER (RLIN) | |
| -- | 2157 |
| -- | 2157 |
| 100 ## - MAIN ENTRY--PERSONAL NAME | |
| Personal name | R.L. Gupta |
| 245 ## - TITLE STATEMENT | |
| Title | Problems and Solution in Advanced Accounting |
| Statement of responsibility, etc. | R.L. Gupta |
| 260 ## - PUBLICATION, DISTRIBUTION, ETC. | |
| Place of publication, distribution, etc. | New Delhi, India |
| Name of publisher, distributor, etc. | Sultan Chand & Sons |
| Date of publication, distribution, etc. | 1996 |
| 300 ## - PHYSICAL DESCRIPTION | |
| Extent | 854 |
| 942 ## - ADDED ENTRY ELEMENTS (KOHA) | |
| Institution code [OBSOLETE] | NBS |
| Koha item type | Book |
| Call number prefix | 657 GUP |
| Withdrawn status | Lost status | Damaged status | Not for loan | Permanent Location | Current Location | Date acquired | Total Checkouts | Full call number | Barcode | Date last seen | Price effective from | Koha item type |
|---|---|---|---|---|---|---|---|---|---|---|---|---|
| Central Library (CL) | Central Library (CL) | 08/28/2013 | 657 GUP | NBS2122 | 08/28/2013 | 08/28/2013 | Book |
